| 000 | 00568nam a2200205Ia 4500 | ||
|---|---|---|---|
| 003 | OSt | ||
| 005 | 20230412105933.0 | ||
| 008 | 210423s2007 xx 000 0 und d | ||
| 020 | _a230525229 | ||
| 040 | _cAL | ||
| 041 | _aeng | ||
| 082 |
_a809.93592 _223 _bDYSA |
||
| 100 |
_aDYSON (A E). _986711 |
||
| 245 | _aPostcolonial literatures: Achebe Ngugi,Desai,Walcott. | ||
| 260 |
_aLondon _bMacmillan India Ltd _c2007 |
||
| 300 |
_aviii,2888 _bPB |
||
| 365 |
_b195 _cINR |
||
| 906 | _aAchebe ; literatures: ; Ngugi,Desai,Walcott. ; Postcolonial | ||
| 942 |
_2ddc _cBK |
||
| 999 |
_c157205 _d157205 |
||